00535nam a2200193 a 4500001001300000003000900013005001700022008004100039020001000080082001700090100002800107245006700135260002300202300000900225500003500234505001700269650002700286700002800313nice12345678IN_TiNIC20260116011844.0050524s1963 lona grp 000 0 eng  ac10000a232.904bROB aRobinson, William Eason aTutors Unto Christb Spiritual Readings from Great Tractarians aLondonbSpckc1963 a118p aincludes index and biblioraphy2 abibliography aJesus Christ-Teachings1 aRobinson, William Eason